عالم میں انتخاب-دہلی / (Record no. 172694)

MARC details
000 -LEADER
fixed length control field 00535nam a22001817a 4500
005 - DATE AND TIME OF LATEST TRANSACTION
control field 20200211120920.0
010 ## - LCCN (DPL NO)
LC control number A-304662
020 ## - INTERNATIONAL STANDARD BOOK NUMBER
Terms of availability 53.00
035 ## - SYSTEM CONTROL NUMBER
System control number A-304662
037 ## - SOURCE OF ACQUISITION
Source of stock number/acquisition BPPD/Pub.
082 ## - DEWEY DECIMAL CLASSIFICATION NUMBER
Classification number 954.16
100 ## - MAIN ENTRY--PERSONAL NAME
Personal name مہیشور دیال
245 ## - TITLE STATEMENT
Title عالم میں انتخاب-دہلی /
Statement of responsibility, etc مہیشور دیال
246 ## - VARYING FORM OF TITLE
Title proper/short title Alam Mein Intekhab-Delhi (Urdu) /
Remainder of title by Maheshwar Dayal
260 ## - PUBLICATION, DISTRIBUTION, ETC. (IMPRINT)
Place of publication, distribution, etc Delhi
Name of publisher, distributor, etc Urdu Akademy
Date of publication, distribution, etc 1987 ء
300 ## - PHYSICAL DESCRIPTION
Extent 516p.
Dimensions 22cm(Hb)
942 ## - ADDED ENTRY ELEMENTS (KOHA)
Source of classification or shelving scheme Dewey Decimal Classification
Item type Urdu Bks
Classification part 954.16
Call number suffix م ہ ش
Holdings
Withdrawn status Lost status Not for loan Collection code Home library Current library Date acquired Source of acquisition Cost, normal purchase price Full call number Barcode Copy number Cost, replacement price Koha item type
      Non-fiction Central Library Central Library 11/02/2020 BPPD/Ven. 53.00 954.16 م ہ ش A-304662 1 53.00 Urdu Bks

© Delhi Public Library
Hit Counter
free hit counter